000 00272nam a22001217a 4500
008 170207b xxu||||| |||| 00| 0 eng d
041 _aeng
080 _a61
100 _a4
101 _aSHM
245 _aHIGJIENA PER SHKOLLEN E MEDICINES
_cRADOJE TADIQ
942 _2udc
_cBK
999 _c4818
_d4818